| 000 | 00641nam a2200217 a 4500 | ||
|---|---|---|---|
| 001 | 2742 | ||
| 003 | CDMR | ||
| 005 | 20131128172402.0 | ||
| 008 | 130130s1980||||||||||||||||||||||||||||d | ||
| 020 | _a0292750544 | ||
| 040 |
_aCDMR _bcat _cCDMR |
||
| 100 | 1 |
_aFishman, Mark _91505 |
|
| 245 | 1 | 0 |
_aManufacturing the news _cby Mark Fishman |
| 260 |
_c1980 _bUniversity of Texas Press _aAustin |
||
| 300 | _a171 p. | ||
| 650 | 0 | 4 |
_94193 _aGèneres periodístics |
| 650 | 0 | 4 |
_93564 _aPeriodisme _xFonts d'informació |
| 650 | 0 | 4 |
_93782 _aPeriodistes _xPràctica professional |
| 654 |
_91460 _aSociologia de la comunicació _bPremsa |
||
| 942 |
_cMON _2udc |
||
| 999 |
_c2742 _d2742 |
||